| 000 | 00765nam a22001697a 4500 | ||
|---|---|---|---|
| 005 | 20250828140956.0 | ||
| 008 | 240828b ||||| |||| 00| 0 eng d | ||
| 082 | _aDPer 647.95 J826 January-December 2019 v. 22 n. 1-6 | ||
| 100 |
_aLim, Chen-Chuen. _eauthor. _959222 |
||
| 245 |
_aInvestigating the purchase intention toward healthy drinks among urban consumers in Malaysia / _cChen-Chuen Lim and Yen-Nee Goh. |
||
| 260 |
_aPhiladelphia ; _bTaylor & Francis Group , _cMay-June 2019. |
||
| 300 |
_aVolume 22, pages 286-302 : _billustration ; _c26 cm. |
||
| 500 | _aJournal of Foodservice Business Research, vol. 22, no. 3, pages 286-302, May-June 2019. | ||
| 700 |
_aLim, Chen-Chuen. _eauthor. _959222 |
||
| 700 |
_aGoh, Yen-Nee. _eauthor. _959223 |
||
| 942 |
_2ddc _cPER |
||
| 999 |
_c20976 _d20976 |
||